01765cam a2200349 a 450000100090000000300060000900500170001500800410003201000130007302000230008602000260010904000930013504100130022805000150024108200190025610000710027524000310034624501820037725000330055926400410059230000290063333600260066233700280068833800270071650000580074350400500080150503240085160000890117560000820126465000380134665000310138428585059OCoLC20250306043031.0930720r19931974mnu b 001 0 eng  a93029953 a0800628225q(pbk.) a9780800628222q(pbk.) aDLCbengcDLCdBAKERdYDXCPdOCLCQdBTCTAdHNWdOCLCFdOCLCQdNZABTdMNLUTdKSUdUtOrBLW1 aenghger10a232bM729C00a232220bM729C1 aMoltmann, Jürgen.0http://id.loc.gov/authorities/names/n9067035410aGekreuzigte Gott.lEnglish14aThe crucified God :bthe cross of Christ as the foundation and criticism of Christian theology /cJürgen Moltmann ; [translated by R.A. Wilson and John Bowden from the German] aFirst Fortress Press edition 1aMinneapolis :bFortress Press,c1993 axiii, 346 pages ;c22 cm atextbtxt2rdacontent aunmediatedbn2rdamedia avolumebnc2rdacarrier aOriginally published: New York : Harper & Row, ©1974 aIncludes bibliographical references and index0 aThe identity and relevance of faith -- The resistance of the cross against its interpretations -- Questions about Jesus -- The historical trial of Jesus -- The eschatological trial of Jesus Christ -- The 'crucified God' -- Ways towards the psychological liberation of man -- Ways towards the political liberation of man00aJesus ChristxPerson and offices.0http://id.loc.gov/authorities/subjects/sh8507008100aJesus ChristxCrucifixion.0http://id.loc.gov/authorities/subjects/sh85070003 4aJesus Christ - Person and offices 4aJesus Christ - Crucifixion